Business Mathematics and Statistics (Record no. 3710)

MARC details
005 - DATE AND TIME OF LATEST TRANSACTION
control field 20250611094448.0
020 ## - INTERNATIONAL STANDARD BOOK NUMBER
International Standard Book Number 9781844801282
100 ## - MAIN ENTRY--PERSONAL NAME
Author name Francis. A
111 ## - MAIN ENTRY--MEETING NAME
Meeting name or jurisdiction name as entry element SOUTH- WESTERN
245 ## - TITLE STATEMENT
Title Business Mathematics and Statistics
250 ## - EDITION STATEMENT
Edition statement 6end Ed.
260 ## - PUBLICATION, DISTRIBUTION, ETC.
Place of publication, distribution, etc. SOUTH WESTERN
Name of publisher, distributor, etc. FRANCIS. A
Date of publication, distribution, etc. 2008
300 ## - PHYSICAL DESCRIPTION
Extent v, 659, ill, figure,
Other physical details Appendices, Index
Dimensions 24cm
942 ## - ADDED ENTRY ELEMENTS (KOHA)
Source of classification or shelving scheme Dewey Decimal Classification
Koha item type Books

No items available.